Dictamen 08-2021, sobre el Anteproyecto de Ley de creación y crecimiento de empresas (Registro nro. 52036)
[ vista simple ]
| 000 -CABECERA | |
|---|---|
| Longitud fija campo de control | 01150nam a2200301 c 4500 |
| 001 - NÚMERO DE CONTROL | |
| Número de control | 52036 |
| 003 - IDENTIFICADOR DE NÚMERO DE CONTROL | |
| Identificador del número de control | ES-MaCES |
| 005 - FECHA Y HORA DE LA ÚLTIMA TRANSACCIÓN | |
| Fecha y hora de la última transacción | 20211213124754.0 |
| 007 - PHYSICAL DESCRIPTION FIXED FIELD--GENERAL INFORMAT | |
| Campo fijo de descripción física | cr ||||||||||| |
| 008 - CAMPO FIJO DE DESCRIPCIÓN FIJA--INFORMACIÓN GENERAL | |
| Códigos de información de longitud fija | 211213s2021 sp l o000 | spa d |
| 040 ## - FUENTE DE CATALOGACIÓN | |
| Centro catalogador de origen | ES-MaCES |
| Lengua de catalogación | spa |
| Centro transcriptor | ES-MaCES |
| 245 10 - MENCIÓN DE TÍTULO | |
| Título | Dictamen 08-2021, sobre el Anteproyecto de Ley de creación y crecimiento de empresas |
| Mención de responsabilidad, etc. | Consejo Económico y Social |
| 300 ## - DESCRIPCIÓN FÍSICA | |
| Extensión | 15 p. (100,8 kb) |
| 593 ## - CES. DATOS DICTAMEN | |
| Comisión de trabajo | Economía y Fiscalidad |
| Fecha dictamen | 20210929 |
| Identificador | D-008-2021 |
| Tipo trámite | Ordinaria |
| Tipo sesión | Pleno ordinario |
| Votos aprobados | Presentes (45): (45) sí, (0) no, (0) abst. |
| 650 #4 - ASIENTO SECUNDARIO DE MATERIA--TÉRMINO DE MATERIA | |
| Término de materia o nombre geográfico como elemento inicial | empresa |
| 9 (RLIN) | 28178 |
| 650 #4 - ASIENTO SECUNDARIO DE MATERIA--TÉRMINO DE MATERIA | |
| Término de materia o nombre geográfico como elemento inicial | creación de empresa |
| 9 (RLIN) | 30016 |
| 650 #4 - ASIENTO SECUNDARIO DE MATERIA--TÉRMINO DE MATERIA | |
| Término de materia o nombre geográfico como elemento inicial | estrategia empresarial |
| 9 (RLIN) | 30601 |
| 650 #4 - ASIENTO SECUNDARIO DE MATERIA--TÉRMINO DE MATERIA | |
| Término de materia o nombre geográfico como elemento inicial | capacidad empresarial |
| 9 (RLIN) | 30588 |
| 650 #4 - ASIENTO SECUNDARIO DE MATERIA--TÉRMINO DE MATERIA | |
| Término de materia o nombre geográfico como elemento inicial | legislación económica |
| 9 (RLIN) | 27161 |
| 650 #4 - ASIENTO SECUNDARIO DE MATERIA--TÉRMINO DE MATERIA | |
| Término de materia o nombre geográfico como elemento inicial | España |
| 9 (RLIN) | 26964 |
| 650 #4 - ASIENTO SECUNDARIO DE MATERIA--TÉRMINO DE MATERIA | |
| Término de materia o nombre geográfico como elemento inicial | régimen jurídico |
| 9 (RLIN) | 29894 |
| 653 10 - TÉRMINO DE INDEXACIÓN--NO CONTROLADO | |
| Término no controlado | Empresa |
| 700 1# - ENCABEZAMIENTO SECUNDARIO--NOMBRE PERSONAL | |
| 9 (RLIN) | 39853 |
| Nombre de persona | Peinado Castillo, Félix |
| Término indicativo de función | ponente |
| 710 1# - ENCABEZAMIENTO SECUNDARIO--NOMBRE CORPORATIVO | |
| 9 (RLIN) | 39704 |
| Nombre de entidad o nombre de jurisdicción como elemento inicial | España |
| Unidad subordinada | Ministerio de Asuntos Ecónomicos y Transformación Digital |
| Término indicativo de función | solicitante |
| 856 4# - ACCESO ELECTRÓNICO | |
| Identificador Uniforme del Recurso (URI) | <a href="http://www.ces.es/documents/DIC/2021/08">http://www.ces.es/documents/DIC/2021/08</a> |
| Texto del enlace | texto completo |
| 902 ## - CES. TIPO DE DOCUMENTO | |
| Tipodoc (006$c Sirtex) | Dictamen CES |
| 942 ## - ELEMENTOS KOHA | |
| Fuente de clasificaión o esquema | Clasificación propia del CES |
| Koha [por defecto] tipo de item | Dictámenes/Informes/Memorias CES |
| Parte de clasificación | Economía |
No hay ítems disponibles.
